000 00457nam a2200181Ia 4500
008 090123s9999 xx 000 0 und d
082 _b19743
100 _aबगे आशा
245 _aमारवा
250 _a1
260 _bमौज प्रि.ब्यूरो
_c1984
300 _a185
600 _aबगे आशा
630 _aमारवा
700 _aबगे आशा
730 _aमारवा
942 _cBOOK
999 _c57812
_d57812